LIBRARY & INFORMATION CENTRE, KCAET, TAVANUR

ONLINE PUBLIC ACCESS CATALOGUE (OPAC)

Soil Science: A Practical Perspective with Glossary and Facts about the Soil (Record no. 14229)

MARC details
000 -LEADER
fixed length control field 00336nam a22001217a 4500
020 ## - INTERNATIONAL STANDARD BOOK NUMBER
ISBN 9788176223133
082 ## - DEWEY DECIMAL CLASSIFICATION NUMBER
Classification number 631.4
Item number AVI /SO
100 ## - MAIN ENTRY--AUTHOR NAME
Personal name Avinash Singh Tomar
245 ## - TITLE STATEMENT
Title Soil Science: A Practical Perspective with Glossary and Facts about the Soil
260 ## - PUBLICATION, DISTRIBUTION, ETC. (IMPRINT)
Place of publication New Delhi
Name of publisher Biotech Books
Year of publication 2014
300 ## - PHYSICAL DESCRIPTION
Number of Pages 190
942 ## - ADDED ENTRY ELEMENTS (KOHA)
Koha item type Books
Holdings
Withdrawn status Lost status Damaged status Collection code Home library Current library Shelving location Date acquired Source of acquisition Cost, normal purchase price Full call number Accession Number Koha item type
        KAUAET KAUAET General Stacks 06/06/2016 Southern Book Centre 950.00 631.4 AVI /SO 24922 Books
        KAUAET KAUAET General Stacks 15/07/2016 Scientific Book Centre, Kochi 950.00 631.4 AVI /SO 24557 Books
free website counter